LEADER 01383nam 2200361Ia 450 001 996393488203316 005 20200824132045.0 035 $a(CKB)4940000000118113 035 $a(EEBO)2240916994 035 $a(OCoLC)ocm18394381e 035 $a(OCoLC)18394381 035 $a(EXLCZ)994940000000118113 100 $a19880824d1700 uy | 101 0 $aeng 135 $aurbn||||a|bb| 200 10$aBishop Cozens's argument, proving, that adultery works a dissolution of the marriage$b[electronic resource] $ebeing the substance of several of Bishop Cozens his speeches in the House of Lords, upon the debate of Lord Ross's case : taken from original papers writ in the Bishop's own hand 210 $a[London $cs.n.$d1700] 215 $a4 p 300 $aCaption title. 300 $aPlace and date of publication suggested by Wing. 300 $aReproduction of original in the University of Illinois (Urbana-Champaign Campus). Library. 330 $aeebo-0167 606 $aAdultery$zEngland 606 $aImpediments to marriage$zEngland 615 0$aAdultery 615 0$aImpediments to marriage 700 $aCosin$b John$f1594-1672.$01004126 801 1$bEAJ 801 2$bWaOLN 906 $aBOOK 912 $a996393488203316 996 $aBishop Cozens's argument, proving, that adultery works a dissolution of the marriage$92381906 997 $aUNISA LEADER 01752nam 2200421 n 450 001 996391400303316 005 20221108043822.0 035 $a(CKB)1000000000666228 035 $a(EEBO)2264199635 035 $a(UnM)9959276900971 035 $a(EXLCZ)991000000000666228 100 $a19960507d1552 uy 101 0 $aeng 135 $aurbn||||a|bb| 200 12$aA proclamacion sette furth by the kynges Maiestie lycencyng the exchaunges and rechaunges of money to be frequented and used, in all partes of his highnes realmes and dominions$b[electronic resource] 210 $a[London] $cRichardus Grafton typographus regius excudebat$dA. M. D. LII 215 $a1 sheet ([1] p.) 300 $aInitial. 300 $aPlace of publication from STC. 300 $aAt end of text: Geuen at Westminster the .xxiij. daie of Marche, in the .vj. yere of our reigne. 300 $aAfter imprint: Cum priuilegio ad imprimendum solum. 300 $aReproduction of original in the British Library. 330 $aeebo-0018 606 $aMoney$vEarly works to 1800 606 $aPrecious metals$xLaw and legislation$zEngland$vEarly works to 1800 606 $aGold$zEngland$vEarly works to 1800 606 $aSilver$zEngland$vEarly works to 1800 615 0$aMoney 615 0$aPrecious metals$xLaw and legislation 615 0$aGold 615 0$aSilver 701 $aEdward$cKing of England,$c1537-1553.$01002269 801 0$bCu-RivES 801 1$bCu-RivES 906 $aBOOK 912 $a996391400303316 996 $aA proclamacion sette furth by the kynges Maiestie lycencyng the exchaunges and rechaunges of money to be frequented and used, in all partes of his highnes realmes and dominions$92361455 997 $aUNISA